The noble scholar, jurist, historian


 His Excellency Dr. Abdul Wahhab bin Ibrahim Abu Sulaiman, may Allah have mercy on him.


 He was born in Umm Al-Qura in the year 1356 AH.

الإرشاد إلى ما وقع في الفقه وغيره من الأعداد، أو، الذريعة إلى معرفة الأعداد الواردة في الشريعة / (Record no. 1958)

MARC details
000 -LEADER
fixed length control field 01777cam a22003251i 4500
003 - CONTROL NUMBER IDENTIFIER
control field SA-RiAUC
005 - DATE AND TIME OF LATEST TRANSACTION
control field 20241102090842.0
008 - FIXED-LENGTH DATA ELEMENTS--GENERAL INFORMATION
fixed length control field 241101s1992 le g 000 0 ara c
040 ## - CATALOGING SOURCE
Original cataloging agency SA-JeALM
Language of cataloging ara
Transcribing agency SA-RiAUC
Description conventions rda
082 04 - DEWEY DECIMAL CLASSIFICATION NUMBER
Classification number 250
Assigning agency SA-RiAUC
090 ## - LOCALLY ASSIGNED LC-TYPE CALL NUMBER (OCLC); LOCAL CALL NUMBER (RLIN)
Classification number (OCLC) (R) ; Classification number, CALL (RLIN) (NR) 250
Local cutter number (OCLC) ; Book number/undivided call number, CALL (RLIN) ا ب ن ع
100 1# - MAIN ENTRY--PERSONAL NAME
Personal name ابن العماد، أحمد بن عماد بن يوسف،
Dates associated with a name 750-808 هجري
Relator term مؤلف.
245 12 - TITLE STATEMENT
Title الإرشاد إلى ما وقع في الفقه وغيره من الأعداد، أو، الذريعة إلى معرفة الأعداد الواردة في الشريعة /
Statement of responsibility, etc. تصنيف بن عماد الأقفهسي ؛ تحقيق عادل أحمد عبد الجواد، علي محمد معوض، زكريا عبد المجيد النوتي.
246 33 - VARYING FORM OF TITLE
Title proper/short title الذريعة إلى معرفة الأعداد الواردة في الشريعة
250 ## - EDITION STATEMENT
Edition statement الطبعة الأولى.
264 #1 - PRODUCTION, PUBLICATION, DISTRIBUTION, MANUFACTURE, AND COPYRIGHT NOTICE
Place of production, publication, distribution, manufacture بيروت :
Name of producer, publisher, distributor, manufacturer دار الكتب العلمية،
Date of production, publication, distribution, manufacture, or copyright notice 1992
300 ## - PHYSICAL DESCRIPTION
Extent 2 مجلد ؛
Dimensions 25 سم
336 ## - CONTENT TYPE
Content type term نص
Content type code txt
Source rdacontent
Materials specified كتاب
337 ## - MEDIA TYPE
Media type term بدون وسيط
Media type code n
Source rdamedia
338 ## - CARRIER TYPE
Carrier type term مجلد
Carrier type code nc
Source rdacarrier
500 ## - GENERAL NOTE
General note نسب الكتاب خطأ إلى محمد بن أحمد بن عماد وهو لوالده أحمد بن عماد بن يوسف.
650 #7 - SUBJECT ADDED ENTRY--TOPICAL TERM
Topical term or geographic name entry element الفقه الإسلامي
Source of heading or term aucsh
650 #7 - SUBJECT ADDED ENTRY--TOPICAL TERM
Topical term or geographic name entry element العبادات (فقه إسلامي)
Source of heading or term aucsh
700 1# - ADDED ENTRY--PERSONAL NAME
Personal name ابن العماد الأقفهسي، محمد بن أحمد بن عماد،
Dates associated with a name 780-867 هجري
Relator term مؤلف.
700 1# - ADDED ENTRY--PERSONAL NAME
Personal name النوتي، زكريا عبد الحميد
Relator term محقق.
700 1# - ADDED ENTRY--PERSONAL NAME
Personal name عبد الجواد، عادل أحمد
Relator term محقق.
700 1# - ADDED ENTRY--PERSONAL NAME
Personal name معوض، علي محمد
Relator term محقق.
942 ## - ADDED ENTRY ELEMENTS (KOHA)
Source of classification or shelving scheme Dewey Decimal Classification
Koha item type Books
Suppress in OPAC No
949 ## - LOCAL PROCESSING INFORMATION (OCLC)
a SA-JeALM
d 241101
u mohamedma123
n 1
Holdings
Withdrawn status Lost status Source of classification or shelving scheme Materials specified (bound volume or other part) Damaged status Not for loan Home library Current library Date acquired Total checkouts Full call number Barcode Date last seen Price effective from Koha item type
    Dewey Decimal Classification المجلد الاول     DR AbdElwahab Library DR AbdElwahab Library 11/02/2024   250 ا ب ن ع 000002968 11/02/2024 11/02/2024 Books
    Dewey Decimal Classification المجلد الثاني     DR AbdElwahab Library DR AbdElwahab Library 11/02/2024   250 ا ب ن ع 000002969 11/02/2024 11/02/2024 Books